000 00453nam a22001697a 4500
003 SGT
020 _a9789387085824
082 _a617.966
_bM90B
100 _aBennett, C. Richard
245 _aMonheim's Local Anesthesia and pain control in Dental practice
250 _a7th
260 _aNew Delhi, India
_bCBS Publishers & Distributers
_c1990
300 _a404
650 _aLocal Anesthesia
653 _aLocal Anesthesia
942 _2ddc
_cBK
_0204
999 _c22710
_d22710